[Event "2024 National Middle School Championship"]
[Site "Atlanta, Georgia, United States"]
[Date "2024.05.11"]
[Round "4.11"]
[White "Zhang, Sunny"]
[Black "Moorhouse, Will"]
[Result "0-1"]
[TimeControl "G/90;d10"]
[WhiteElo "1939"]
[BlackElo "2162"]

1. e4 {[%clk 01:28:14]} {[%emt 00:01:56]} c5 {[%clk 01:30:00]} {[%emt
00:00:04]} 2. Nf3 {[%clk 01:28:14]} {[%emt 00:00:04]} Nc6 {[%clk 01:30:00]}
{[%emt 00:00:04]} 3. d4 {[%clk 01:28:14]} {[%emt 00:00:03]} cxd4 {[%clk
01:30:00]} {[%emt 00:00:04]} 4. Nxd4 {[%clk 01:28:14]} {[%emt 00:00:04]} g6
{[%clk 01:30:00]} {[%emt 00:00:06]} 5. c4 {[%clk 01:27:52]} {[%emt 00:00:33]}
Bg7 {[%clk 01:30:00]} {[%emt 00:00:06]} 6. Be3 {[%clk 01:27:52]} {[%emt
00:00:06]} Nf6 {[%clk 01:30:00]} {[%emt 00:00:06]} 7. Nc3 {[%clk 01:27:52]}
{[%emt 00:00:04]} d6 {[%clk 01:30:00]} {[%emt 00:00:04]} 8. Be2 {[%clk
01:27:34]} {[%emt 00:00:27]} O-O {[%clk 01:30:00]} {[%emt 00:00:10]} 9. O-O
{[%clk 01:27:09]} {[%emt 00:00:35]} Bd7 {[%clk 01:27:00]} {[%emt 00:03:11]} 10.
Re1 {[%clk 01:25:50]} {[%emt 00:01:29]} Qa5 {[%clk 01:24:09]} {[%emt 00:03:02]}
11. Nxc6 {[%clk 01:21:56]} {[%emt 00:04:04]} bxc6 {[%clk 01:18:23]} {[%emt
00:05:56]} 12. f3 {[%clk 01:19:32]} {[%emt 00:02:33]} Rab8 {[%clk 01:12:54]}
{[%emt 00:05:39]} 13. Qd2 {[%clk 01:16:53]} {[%emt 00:02:48]} Be6 {[%clk
01:06:42]} {[%emt 00:06:23]} 14. Bd4 {[%clk 01:13:21]} {[%emt 00:03:43]} c5
{[%clk 01:01:44]} {[%emt 00:05:08]} 15. Be3 {[%clk 01:13:16]} {[%emt 00:00:15]}
Qb4 {[%clk 01:01:29]} {[%emt 00:00:23]} 16. Nd1 {[%clk 01:06:04]} {[%emt
00:07:22]} Nd7 {[%clk 00:57:07]} {[%emt 00:04:33]} 17. Qxb4 {[%clk 00:59:52]}
{[%emt 00:06:22]} Rxb4 {[%clk 00:57:05]} 18. Bd2 {[%clk 00:59:30]} {[%emt
00:00:44]} Bxb2 {[%clk 00:47:25]} {[%emt 00:09:50]} 19. Bxb4 {[%clk 00:56:06]}
{[%emt 00:03:34]} Bxa1 {[%clk 00:47:10]} {[%emt 00:00:25]} 20. Bc3 {[%clk
00:54:54]} {[%emt 00:01:21]} Bxc3 {[%clk 00:44:43]} {[%emt 00:02:38]} 21. Nxc3
{[%clk 00:54:54]} {[%emt 00:00:03]} Rb8 {[%clk 00:44:21]} {[%emt 00:00:32]} 22.
Rb1 {[%clk 00:54:54]} {[%emt 00:00:09]} Rb4 {[%clk 00:37:36]} {[%emt 00:06:54]}
23. Rxb4 {[%clk 00:53:19]} {[%emt 00:01:46]} cxb4 {[%clk 00:37:13]} {[%emt
00:00:33]} 24. Nd5 {[%clk 00:50:42]} {[%emt 00:02:47]} Bxd5 {[%clk 00:37:10]}
{[%emt 00:00:14]} 25. cxd5 {[%clk 00:50:42]} {[%emt 00:00:05]} Kg7 {[%clk
00:34:13]} {[%emt 00:03:07]} 26. Kf2 {[%clk 00:49:13]} {[%emt 00:01:39]} Nc5
{[%clk 00:32:08]} {[%emt 00:02:14]} 27. Ke3 {[%clk 00:46:00]} {[%emt 00:03:23]}
a5 {[%clk 00:31:29]} {[%emt 00:00:50]} 28. Kd4 {[%clk 00:44:58]} {[%emt
00:01:11]} a4 {[%clk 00:30:10]} {[%emt 00:01:30]} 29. Kc4 {[%clk 00:44:30]}
{[%emt 00:00:38]} b3 {[%clk 00:29:38]} {[%emt 00:00:42]} 30. axb3 {[%clk
00:44:15]} {[%emt 00:00:24]} a3 {[%clk 00:29:06]} {[%emt 00:00:42]} 31. Kc3
{[%clk 00:44:09]} {[%emt 00:00:16]} a2 {[%clk 00:29:06]} {[%emt 00:00:06]} 32.
Kb2 {[%clk 00:44:09]} {[%emt 00:00:04]} Nxb3 {[%clk 00:29:06]} {[%emt
00:00:06]} 33. Kxa2 {[%clk 00:43:29]} {[%emt 00:00:49]} Nc1+ {[%clk 00:29:06]}
34. Kb2 {[%clk 00:43:27]} {[%emt 00:00:12]} Nxe2 {[%clk 00:29:06]} {[%emt
00:00:01]} 35. Kc2 {[%clk 00:43:16]} {[%emt 00:00:21]} Kf6 {[%clk 00:28:21]}
{[%emt 00:00:55]} 36. Kd2 {[%clk 00:43:11]} {[%emt 00:00:15]} Nf4 {[%clk
00:27:51]} {[%emt 00:00:41]} 37. g3 {[%clk 00:43:11]} {[%emt 00:00:07]} Nxd5
{[%clk 00:27:34]} {[%emt 00:00:27]} 38. exd5 {[%clk 00:43:10]} {[%emt
00:00:10]} Ke5 {[%clk 00:27:34]} {[%emt 00:00:04]} 39. Ke3 {[%clk 00:43:07]}
{[%emt 00:00:13]} g5 {[%clk 00:26:59]} {[%emt 00:00:44]} 40. h4 {[%clk
00:43:03]} {[%emt 00:00:14]} h6 {[%clk 00:26:49]} {[%emt 00:00:21]} 0-1

[Event "2024 National Middle School Championship"]
[Site "Atlanta, Georgia, United States"]
[Date "2024.05.11"]
[Round "4.12"]
[White "Yoon, Jeremy K"]
[Black "Kao, Jamison Edrich"]
[Result "1-0"]
[TimeControl "G/90;d10"]
[WhiteElo "1802"]
[BlackElo "2139"]

1. d4 {[%clk 01:26:58]} {[%emt 00:03:10]} Nf6 {[%clk 01:30:00]} {[%emt
00:00:04]} 2. e3 {[%clk 01:26:44]} {[%emt 00:00:24]} g6 {[%clk 01:29:56]}
{[%emt 00:00:15]} 3. Nf3 {[%clk 01:26:44]} {[%emt 00:00:07]} Bg7 {[%clk
01:29:56]} {[%emt 00:00:05]} 4. Be2 {[%clk 01:26:44]} {[%emt 00:00:08]} O-O
{[%clk 01:29:37]} {[%emt 00:00:29]} 5. O-O {[%clk 01:26:27]} {[%emt 00:00:26]}
d6 {[%clk 01:26:20]} {[%emt 00:03:29]} 6. b3 {[%clk 01:25:22]} {[%emt
00:01:15]} e5 {[%clk 01:24:27]} {[%emt 00:02:03]} 7. Bb2 {[%clk 01:23:29]}
{[%emt 00:02:02]} e4 {[%clk 01:22:13]} {[%emt 00:02:24]} 8. Nfd2 {[%clk
01:23:29]} {[%emt 00:00:09]} d5 {[%clk 01:21:55]} {[%emt 00:00:28]} 9. c4
{[%clk 01:23:12]} {[%emt 00:00:27]} c6 {[%clk 01:21:53]} {[%emt 00:00:11]} 10.
Nc3 {[%clk 01:22:55]} {[%emt 00:00:28]} Be6 {[%clk 01:07:54]} {[%emt 00:14:09]}
11. b4 {[%clk 01:18:49]} {[%emt 00:04:17]} h5 {[%clk 01:04:04]} {[%emt
00:04:00]} 12. a4 {[%emt 00:02:09]} Ng4 {[%clk 00:58:16]} {[%emt 00:05:56]} 13.
h3 {[%clk 01:10:58]} {[%emt 00:06:03]} Nh6 {[%clk 00:58:15]} {[%emt 00:00:12]}
14. b5 {[%clk 01:09:47]} {[%emt 00:01:21]} Qg5 {[%clk 00:52:23]} {[%emt
00:06:02]} 15. Kh2 {[%clk 01:03:04]} {[%emt 00:06:50]} Nd7 {[%clk 00:48:47]}
{[%emt 00:03:48]} 16. bxc6 {[%clk 01:02:12]} {[%emt 00:01:02]} bxc6 {[%clk
00:48:47]} {[%emt 00:00:04]} 17. cxd5 {[%clk 01:02:08]} {[%emt 00:00:14]} cxd5
{[%clk 00:48:47]} {[%emt 00:00:10]} 18. Ba3 {[%clk 00:59:08]} {[%emt 00:03:09]}
Rfc8 {[%clk 00:48:38]} {[%emt 00:00:20]} 19. Rc1 {[%clk 00:58:44]} {[%emt
00:00:34]} a6 {[%clk 00:46:32]} {[%emt 00:02:16]} 20. Nb3 {[%clk 00:38:45]}
{[%emt 00:20:09]} Nf5 {[%clk 00:41:54]} {[%emt 00:04:48]} 21. a5 {[%clk
00:23:03]} {[%emt 00:15:51]} Nh4 {[%clk 00:39:31]} {[%emt 00:02:34]} 22. Rg1
{[%clk 00:20:46]} {[%emt 00:02:27]} Qf5 {[%clk 00:37:41]} {[%emt 00:02:00]} 23.
Qf1 {[%clk 00:19:54]} {[%emt 00:01:02]} Ne5 {[%clk 00:32:51]} {[%emt 00:05:01]}
24. Be7 {[%clk 00:16:20]} {[%emt 00:03:43]} Nhf3+ {[%clk 00:26:33]} {[%emt
00:06:29]} 25. gxf3 {[%clk 00:15:45]} {[%emt 00:00:45]} exf3 {[%clk 00:26:33]}
{[%emt 00:00:03]} 26. Bd1 {[%clk 00:14:55]} {[%emt 00:00:59]} Ng4+ {[%clk
00:18:51]} {[%emt 00:07:53]} 27. hxg4 {[%clk 00:13:20]} {[%emt 00:01:44]} hxg4
{[%clk 00:18:51]} {[%emt 00:00:05]} 28. Rh1 {[%clk 00:12:47]} {[%emt 00:00:43]}
f6 {[%clk 00:16:49]} {[%emt 00:02:12]} 29. Bd6 {[%clk 00:11:19]} {[%emt
00:01:38]} Kf7 {[%clk 00:16:49]} {[%emt 00:00:05]} 30. Bc2 {[%clk 00:08:01]}
{[%emt 00:03:29]} g3+ {[%clk 00:14:00]} {[%emt 00:02:59]} 31. fxg3 {[%clk
00:07:16]} {[%emt 00:00:55]} Rh8+ {[%clk 00:12:09]} {[%emt 00:02:01]} 32. Kg1
{[%clk 00:07:16]} {[%emt 00:00:02]} Rxh1+ {[%clk 00:11:25]} {[%emt 00:00:54]}
33. Kxh1 {[%clk 00:07:16]} {[%emt 00:00:05]} Qh5+ {[%clk 00:09:45]} {[%emt
00:01:51]} 34. Kg1 {[%clk 00:07:16]} {[%emt 00:00:03]} Bh6 {[%clk 00:06:47]}
{[%emt 00:03:09]} 35. Nd1 {[%clk 00:06:32]} {[%emt 00:00:53]} Rh8 {[%clk
00:05:28]} {[%emt 00:01:29]} 36. Kf2 {[%clk 00:06:12]} {[%emt 00:00:30]} Qh2+
{[%clk 00:05:10]} {[%emt 00:00:29]} 37. Ke1 {[%clk 00:06:12]} {[%emt 00:00:10]}
Bg4 {[%clk 00:00:45]} {[%emt 00:04:35]} 38. Nf2 {[%clk 00:03:59]} {[%emt
00:02:22]} f5 {[%clk 00:00:34]} {[%emt 00:00:21]} 39. Kd2 {[%clk 00:02:59]}
{[%emt 00:01:10]} Re8 {[%clk 00:00:33]} {[%emt 00:00:11]} 40. Re1 {[%clk
00:02:58]} {[%emt 00:00:11]} Bh3 {[%clk 00:00:28]} {[%emt 00:00:15]} 41. Qg1
{[%clk 00:02:41]} {[%emt 00:00:27]} Bxe3+ {[%clk 00:00:28]} {[%emt 00:00:10]}
42. Kd3 {[%emt 00:01:53]} f4 {[%clk 00:00:15]} {[%emt 00:00:21]} 43. Qxh2
{[%clk 00:00:32]} {[%emt 00:00:38]} Bf5+ {[%clk 00:00:15]} 44. Kc3 {[%emt
00:00:09]} fxg3 {[%clk 00:00:14]} {[%emt 00:00:10]} 45. Qxg3 {[%clk 00:00:23]}
{[%emt 00:00:18]} Bxc2 {[%clk 00:00:14]} {[%emt 00:00:07]} 46. Kxc2 {[%clk
00:00:23]} {[%emt 00:00:03]} Rc8+ {[%clk 00:00:14]} 47. Bc5 {[%clk 00:00:23]}
{[%emt 00:00:02]} Bxd4 {[%clk 00:00:14]} {[%emt 00:00:02]} 48. Nxd4 {[%clk
00:00:23]} {[%emt 00:00:02]} Rxc5+ {[%clk 00:00:14]} 49. Kd3 {[%clk 00:00:23]}
1-0

[Event "2024 National Middle School Championship"]
[Site "Atlanta, Georgia, United States"]
[Date "2024.05.11"]
[Round "4.13"]
[White "Lee, Rohan"]
[Black "Chang, Luca"]
[Result "1-0"]
[TimeControl "G/90;d10"]
[WhiteElo "2123"]
[BlackElo "1938"]

1. e4 {[%clk 01:30:00]} {[%emt 00:00:08]} e5 {[%clk 01:29:54]} {[%emt
00:00:15]} 2. Nf3 {[%clk 01:30:00]} {[%emt 00:00:04]} Nc6 {[%clk 01:29:54]}
{[%emt 00:00:08]} 3. Bc4 {[%clk 01:30:00]} {[%emt 00:00:06]} Nf6 {[%clk
01:29:53]} {[%emt 00:00:09]} 4. d3 {[%clk 01:30:00]} {[%emt 00:00:06]} h6
{[%clk 01:29:47]} {[%emt 00:00:15]} 5. O-O {[%emt 00:00:16]} d6 {[%clk
01:29:47]} 6. c3 {[%clk 01:30:00]} {[%emt 00:00:11]} g5 {[%clk 01:28:30]}
{[%emt 00:01:26]} 7. Be3 {[%clk 01:21:39]} {[%emt 00:08:32]} g4 {[%clk
01:22:50]} {[%emt 00:05:49]} 8. Nfd2 {[%clk 01:20:17]} {[%emt 00:01:33]} h5
{[%clk 01:14:29]} {[%emt 00:08:30]} 9. Bg5 {[%emt 00:11:02]} Bh6 {[%clk
01:00:01]} {[%emt 00:14:34]} 10. Bh4 {[%clk 01:01:36]} {[%emt 00:08:04]} Rg8
{[%clk 00:53:19]} {[%emt 00:06:51]} 11. f3 {[%clk 00:45:01]} {[%emt 00:16:46]}
Bg5 {[%clk 00:47:44]} {[%emt 00:05:44]} 12. Bxg5 {[%clk 00:45:01]} {[%emt
00:00:08]} Rxg5 {[%clk 00:47:09]} {[%emt 00:00:43]} 13. d4 {[%clk 00:29:15]}
{[%emt 00:15:58]} Rg7 {[%clk 00:37:01]} {[%emt 00:10:17]} 14. f4 {[%clk
00:26:43]} {[%emt 00:02:43]} exd4 {[%clk 00:35:39]} {[%emt 00:01:32]} 15. e5
{[%clk 00:26:42]} {[%emt 00:00:11]} Nh7 {[%clk 00:33:31]} {[%emt 00:02:15]} 16.
cxd4 {[%clk 00:23:36]} {[%emt 00:03:19]} Bf5 {[%clk 00:29:30]} {[%emt
00:04:11]} 17. d5 {[%clk 00:21:02]} {[%emt 00:02:45]} Ne7 {[%clk 00:23:44]}
{[%emt 00:05:55]} 18. Nc3 {[%clk 00:18:27]} {[%emt 00:02:46]} a6 {[%clk
00:21:40]} {[%emt 00:02:14]} 19. Nde4 {[%clk 00:17:58]} {[%emt 00:00:39]} Kf8
{[%clk 00:20:47]} {[%emt 00:01:03]} 20. a4 {[%clk 00:17:03]} {[%emt 00:01:05]}
Ng8 {[%clk 00:17:36]} {[%emt 00:03:19]} 21. Ng3 {[%clk 00:16:27]} {[%emt
00:00:46]} Nh6 {[%clk 00:16:50]} {[%emt 00:00:57]} 22. Nxh5 {[%clk 00:16:03]}
{[%emt 00:00:34]} g3 {[%clk 00:15:23]} {[%emt 00:01:37]} 23. Nxg3 {[%clk
00:14:51]} {[%emt 00:01:22]} Bg4 {[%clk 00:14:28]} {[%emt 00:01:05]} 24. Qd4
{[%clk 00:13:23]} {[%emt 00:01:38]} f5 {[%clk 00:08:52]} {[%emt 00:05:46]} 25.
Rae1 {[%clk 00:10:54]} {[%emt 00:02:38]} Qh4 {[%clk 00:07:57]} {[%emt
00:01:05]} 26. Qf2 {[%clk 00:09:25]} {[%emt 00:01:39]} Kf7 {[%clk 00:06:07]}
{[%emt 00:01:57]} 27. Kh1 {[%clk 00:06:48]} {[%emt 00:02:51]} Rag8 {[%clk
00:03:43]} {[%emt 00:02:34]} 28. exd6 {[%clk 00:05:09]} {[%emt 00:01:49]} cxd6
{[%clk 00:03:28]} {[%emt 00:00:25]} 29. Re6 {[%clk 00:04:02]} {[%emt 00:01:16]}
Nf8 {[%clk 00:01:42]} {[%emt 00:01:56]} 30. Nge4 {[%clk 00:03:49]} {[%emt
00:00:23]} Qxh2+ {[%clk 00:00:37]} {[%emt 00:01:15]} 31. Kxh2 {[%clk 00:03:49]}
{[%emt 00:00:07]} fxe4 {[%clk 00:00:37]} {[%emt 00:00:05]} 32. Rxh6 {[%clk
00:03:41]} {[%emt 00:00:18]} Nd7 {[%clk 00:00:13]} {[%emt 00:00:34]} 33. Nxe4
{[%clk 00:03:38]} {[%emt 00:00:12]} Rg6 {[%clk 00:00:04]} {[%emt 00:00:20]} 34.
Nxd6+ {[%clk 00:03:18]} {[%emt 00:00:30]} 1-0

[Event "2024 National Middle School Championship"]
[Site "Atlanta, Georgia, United States"]
[Date "2024.05.11"]
[Round "4.14"]
[White "Wang, Kyle Y"]
[Black "Chen, Alan Zishun"]
[Result "1-0"]
[TimeControl "G/90;d10"]
[WhiteElo "2115"]
[BlackElo "1961"]

1. e4 {[%clk 01:30:00]} e5 {[%clk 01:30:00]} {[%emt 00:00:06]} 2. Nf3 {[%clk
01:29:54]} {[%emt 00:00:16]} Nc6 {[%clk 01:30:00]} {[%emt 00:00:05]} 3. Bb5
{[%clk 01:29:34]} {[%emt 00:00:30]} a6 {[%clk 01:30:00]} {[%emt 00:00:08]} 4.
Ba4 {[%clk 01:29:34]} {[%emt 00:00:06]} Nf6 {[%clk 01:30:00]} {[%emt 00:00:06]}
5. O-O {[%clk 01:29:34]} {[%emt 00:00:05]} b5 {[%clk 01:29:32]} {[%emt
00:00:39]} 6. Bb3 {[%clk 01:29:34]} {[%emt 00:00:09]} Bc5 {[%clk 01:29:32]}
{[%emt 00:00:06]} 7. c3 {[%clk 01:29:27]} {[%emt 00:00:18]} d6 {[%clk
01:28:20]} {[%emt 00:01:22]} 8. Re1 {[%clk 01:27:36]} {[%emt 00:02:00]} O-O
{[%clk 01:26:07]} {[%emt 00:02:22]} 9. d3 {[%clk 01:25:58]} {[%emt 00:01:50]}
h6 {[%clk 01:25:35]} {[%emt 00:00:41]} 10. Nbd2 {[%clk 01:25:40]} {[%emt
00:00:28]} Bb6 {[%clk 01:24:18]} {[%emt 00:01:28]} 11. Nf1 {[%clk 01:25:18]}
{[%emt 00:00:31]} Re8 {[%clk 01:22:49]} {[%emt 00:01:38]} 12. Be3 {[%clk
01:24:39]} {[%emt 00:00:50]} Bxe3 {[%clk 01:21:58]} {[%emt 00:01:02]} 13. Nxe3
{[%clk 01:24:29]} {[%emt 00:00:19]} Ne7 {[%clk 01:21:04]} {[%emt 00:01:04]} 14.
a4 {[%clk 01:22:25]} {[%emt 00:02:14]} Rb8 {[%clk 01:19:50]} {[%emt 00:01:23]}
15. axb5 {[%clk 01:22:03]} {[%emt 00:00:33]} axb5 {[%clk 01:19:30]} {[%emt
00:00:30]} 16. Nh4 {[%clk 01:17:10]} {[%emt 00:05:02]} Be6 {[%clk 01:15:13]}
{[%emt 00:04:28]} 17. Bxe6 {[%clk 01:08:52]} {[%emt 00:08:29]} fxe6 {[%clk
01:13:57]} {[%emt 00:01:25]} 18. Ng4 {[%clk 01:06:09]} {[%emt 00:02:52]} Rf8
{[%clk 01:09:29]} {[%emt 00:04:38]} 19. d4 {[%clk 01:04:36]} {[%emt 00:01:44]}
exd4 {[%clk 01:05:52]} {[%emt 00:03:47]} 20. Nxf6+ {[%clk 01:01:53]} {[%emt
00:02:53]} Rxf6 {[%clk 01:04:29]} {[%emt 00:01:33]} 21. cxd4 {[%clk 01:01:53]}
{[%emt 00:00:06]} Qd7 {[%clk 01:00:58]} {[%emt 00:03:41]} 22. Nf3 {[%clk
00:57:12]} {[%emt 00:04:50]} Rbf8 {[%clk 00:57:09]} {[%emt 00:03:59]} 23. e5
{[%clk 00:52:47]} {[%emt 00:04:36]} R6f7 {[%clk 00:56:17]} {[%emt 00:01:00]} 24.
exd6 {[%clk 00:52:18]} {[%emt 00:00:40]} cxd6 {[%clk 00:55:32]} {[%emt
00:00:55]} 25. Qe2 {[%clk 00:49:15]} {[%emt 00:03:11]} Rf6 {[%clk 00:53:38]}
{[%emt 00:02:05]} 26. Ra5 {[%clk 00:44:21]} {[%emt 00:05:05]} b4 {[%clk
00:51:36]} {[%emt 00:02:12]} 27. Qb5 {[%clk 00:38:25]} {[%emt 00:06:07]} Qxb5
{[%clk 00:48:49]} {[%emt 00:02:57]} 28. Rxb5 {[%clk 00:38:25]} {[%emt
00:00:10]} Nd5 {[%clk 00:47:36]} {[%emt 00:01:21]} 29. Rc1 {[%clk 00:29:54]}
{[%emt 00:08:41]} Rd8 {[%clk 00:42:05]} {[%emt 00:05:41]} 30. h3 {[%clk
00:27:27]} {[%emt 00:02:37]} Kf8 {[%clk 00:38:29]} {[%emt 00:03:46]} 31. Ra5
{[%clk 00:23:04]} {[%emt 00:04:33]} Ke7 {[%clk 00:35:02]} {[%emt 00:03:35]} 32.
Nd2 {[%clk 00:22:24]} {[%emt 00:00:51]} Rff8 {[%clk 00:33:02]} {[%emt
00:02:10]} 33. Ne4 {[%clk 00:20:14]} {[%emt 00:02:21]} Rd7 {[%clk 00:32:17]}
{[%emt 00:00:54]} 34. Rc6 {[%clk 00:18:46]} {[%emt 00:01:37]} Rf4 {[%clk
00:30:22]} {[%emt 00:02:04]} 35. f3 {[%clk 00:18:22]} {[%emt 00:00:37]} Nf6
{[%clk 00:30:03]} {[%emt 00:00:28]} 36. Nxf6 {[%clk 00:17:50]} {[%emt
00:00:43]} gxf6 {[%clk 00:30:03]} {[%emt 00:00:04]} 37. d5 {[%clk 00:14:22]}
{[%emt 00:03:38]} e5 {[%clk 00:29:25]} {[%emt 00:00:47]} 38. Rc8 {[%clk
00:13:48]} {[%emt 00:00:45]} Rd8 {[%clk 00:27:23]} {[%emt 00:02:13]} 39. Ra7+
{[%clk 00:12:18]} {[%emt 00:01:40]} Rd7 {[%clk 00:27:04]} {[%emt 00:00:29]} 40.
Raa8 {[%clk 00:11:58]} {[%emt 00:00:30]} Rd4 {[%clk 00:26:29]} {[%emt
00:00:44]} 41. Rh8 {[%clk 00:11:36]} {[%emt 00:00:31]} Rxd5 {[%clk 00:25:49]}
{[%emt 00:00:51]} 42. Rh7+ {[%clk 00:11:34]} {[%emt 00:00:13]} Ke6 {[%clk
00:25:49]} {[%emt 00:00:07]} 43. Re8+ {[%clk 00:11:34]} {[%emt 00:00:05]} Kf5
{[%clk 00:25:49]} {[%emt 00:00:02]} 44. Rxd7 {[%clk 00:11:34]} {[%emt
00:00:10]} Rd2 {[%clk 00:25:49]} {[%emt 00:00:02]} 45. Rb8 {[%clk 00:10:58]}
{[%emt 00:00:45]} d5 {[%clk 00:25:41]} {[%emt 00:00:18]} 46. Rxb4 {[%clk
00:10:51]} {[%emt 00:00:16]} d4 {[%clk 00:25:41]} {[%emt 00:00:03]} 47. Rb6
{[%clk 00:10:28]} {[%emt 00:00:33]} Kg5 {[%clk 00:25:31]} {[%emt 00:00:20]} 48.
Rg7+ {[%clk 00:09:43]} {[%emt 00:00:54]} Kf5 {[%clk 00:25:19]} {[%emt
00:00:23]} 49. Rf7 {[%clk 00:09:40]} {[%emt 00:00:13]} d3 {[%clk 00:25:19]}
{[%emt 00:00:04]} 50. Rfxf6+ {[%clk 00:09:40]} {[%emt 00:00:10]} Kg5 {[%clk
00:25:19]} {[%emt 00:00:05]} 51. Rxh6 {[%clk 00:08:13]} {[%emt 00:01:36]} Rc2
{[%clk 00:25:19]} {[%emt 00:00:07]} 52. Rhd6 {[%clk 00:07:38]} {[%emt
00:00:46]} d2 {[%clk 00:25:19]} {[%emt 00:00:10]} 53. Kh2 {[%clk 00:07:32]}
{[%emt 00:00:15]} Kf4 {[%clk 00:25:01]} {[%emt 00:00:29]} 54. Rb3 {[%clk
00:07:32]} {[%emt 00:00:09]} e4 {[%clk 00:24:46]} {[%emt 00:00:25]} 55. fxe4
{[%clk 00:07:27]} {[%emt 00:00:15]} Kxe4 {[%clk 00:24:46]} {[%emt 00:00:05]} 56.
Rbd3 {[%clk 00:07:27]} {[%emt 00:00:07]} Rxb2 {[%clk 00:24:46]} {[%emt
00:00:07]} 57. Rxd2 {[%clk 00:07:27]} {[%emt 00:00:06]} Rb8 {[%clk 00:24:46]}
{[%emt 00:00:05]} 58. Re2+ {[%clk 00:07:22]} {[%emt 00:00:15]} Kf5 {[%clk
00:24:41]} {[%emt 00:00:14]} 59. g4+ {[%clk 00:07:22]} {[%emt 00:00:10]} Kg5
{[%clk 00:24:41]} {[%emt 00:00:06]} 60. Rf2 {[%clk 00:07:04]} {[%emt 00:00:29]}
Kh4 {[%clk 00:24:21]} {[%emt 00:00:31]} 61. Rd5 {[%clk 00:06:54]} {[%emt
00:00:20]} Rb5 {[%clk 00:24:12]} {[%emt 00:00:19]} 62. Rh5+ {[%clk 00:06:53]}
{[%emt 00:00:11]} 1-0